| 000 | 00858nam a2200229 i 4500 | ||
|---|---|---|---|
| 001 | 50800 | ||
| 003 | ES-MaACL | ||
| 005 | 20230906162235.0 | ||
| 007 | t| | ||
| 008 | 030806s1964 sp d ||||1| spa d | ||
| 100 | 1 |
_aChambers, William. _9172185 |
|
| 245 | 1 | 0 |
_aChambers : _bdiccionario científico y tecnológico español, inglés, francés, alemán / _cdirigido por C.F. Tweney y L.E.C. Hughes ; la traducción española dirigida por Carlos Botet. |
| 246 | 3 | _aDiccionario científico y tecnológico español, inglés, francés, alemán | |
| 260 |
_aBarcelona : _bOmega, _c[1964] |
||
| 300 |
_a2 v. ; _c24 cm. |
||
| 650 | 0 | 0 |
_aCiencias- _vDiccionarios. _910973 |
| 650 | 4 |
_aTecnología- _vDiccionarios. _917402 |
|
| 700 | 1 |
_aTweney, C. F. _9111795 |
|
| 700 | 1 |
_aHughes, L.E.C. _964614 |
|
| 700 | 1 |
_aBotet, Carlos. _930767 |
|
| 852 |
_aES-MaACL _jC-26157-58 |
||
| 999 |
_c50800 _d50800 |
||